Κατάλογος Βιβλιοθηκών Mediterranean College

Διαβατήριο για μια Επιτυχημένη Επαγγελματική Πορεία σε Κλάδους Αιχμής / Αφιέρωμα: Τουριστική Εκπαίδευση (Record no. 9455)

MARC details
000 -LEADER
fixed length control field 01058cam a22001814a 4500
005 - ΗΜΕΡΟΜΗΝΙΑ ΚΑΙ ΩΡΑ ΤΕΛΕΥΤΑΙΑΣ ΕΝΗΜΕΡΩΣΗΣ
Πεδίο ελέγχου 20250605164401.0
008 - FIXED-LENGTH DATA ELEMENTS--GENERAL INFORMATION
Πεδίο ελέγχου σταθερού μήκους 250528s ||||||||||||||||||||||||d
035 ## - SYSTEM CONTROL NUMBER
System control number 24585
040 ## - ΠΗΓΗ ΚΑΤΑΛΟΓΟΓΡΑΦΗΣΗΣ
Φορέας πρωτότυπης καταλογογράφησης MC Athens Campus Library
Γλώσσα καταλογογράφησης Ελληνικά, Μοντέρνα (1453-)
Modifying agency MC Athens Campus Library
Κανόνες περιγραφικής καταλογογράφησης AACR2
245 1# - ΤΙΤΛΟΣ ΚΑΙ ΔΗΛΩΣΗ ΥΠΕΥΘΥΝΟΤΗΤΑΣ
Τίτλος Διαβατήριο για μια Επιτυχημένη Επαγγελματική Πορεία σε Κλάδους Αιχμής / Αφιέρωμα: Τουριστική Εκπαίδευση
260 ## - PUBLICATION, DISTRIBUTION, ETC.
Name of publisher, distributor, etc. Κάπα Σίγμα Δέλτα Α.Ε,
Date of publication, distribution, etc. 2021
300 ## - PHYSICAL DESCRIPTION
Extent 74
520 ## - SUMMARY, ETC.
Summary, etc. Phocus Wire: Οι Πρακτικές της Booking Βάζουν 'Τρικοποδιά' στους Ξενοδόχους, Oliver Wyman: Τα 2/3 των Ευρωπαίων Αισθάνονται Ανασφαλείς να Ταξιδέψουν, Θανάσης Γιαλούρης: Οι Εμπορικές Εκθέσεις Επαναλειτουργούν από 1η Σεπτεμβρίου.
700 1# - ΠΡΟΣΘΕΤΗ ΑΝΑΓΡΑΦΗ--ΦΥΣΙΚΟ ΠΡΟΣΩΠΟ
Personal name Δεριζιώτης Κωνσταντίνος Στ
9 (RLIN) 9484
942 ## - ADDED ENTRY ELEMENTS (KOHA)
Koha item type Περιοδικά Δημοσιεύματα
Holdings
Τύπος τεκμηρίου Βιβλιοθήκη Τρέχουσα τοποθεσία Barcode Ημερομηνία απόκτησης Ταξιθετικό σύμβολο Αριθμός αντιτύπου Κατάσταση απόσυρσης Κατάσταση χαμένου Κατάσταση κατεστραμμένου Μη δανεισμός Σύνολο δανεισμών Ημερομηνία τελευταίας εμφάνισης Η τιμή ισχύει από
Περιοδικά Δημοσιεύματα MC Athens Campus Library MC Athens Campus Library 9780000094544 05/06/2025 ΧΡΗΜΑ ΚΑΙ ΤΟΥΡΙΣΜΟΣ 1           05/06/2025 05/06/2025

MC Athens Campus Library
Πατησίων 94 & Κοδριγκτώνος 13, 104 34
Πελλήνης 8 & Πατησίων 107, 112 51
Τ: +30 210 8899600

MC Thessaloniki Campus Library
Ίωνος Δραγούμη 21, 54625 | Ίωνος Δραγούμη 15, 54625
Τ: +30 2310 287779 – Τ: +30 2314 440300